01207nam a22002297b 4500003000500000005001700005008004100022020002900063040002300092041001200115082001500127100002900142245003900171260005300210300004800263504003600311520053500347521001300882650002800895655002800923700002600951322820251126151254.0251126b sa ||||| |||| 00| 0 eng d a9781789890228(paperback) bEnglishc3228erda aEnglish 0aJ 590 DELA a de la Bedoyere, Camilla aThe animal book /cby Steve Parker aThaxted, Essex :bMiles Kelly Publishing,c2015. a160 pages :bIllustrations, colour ;c23 cm aIncludes index, acknowledgement aFour amazing chapters in The Animal Book: In Prehistoric Giants, meet the mega monsters that have ruled our planet throughout history. Awesome Animals shows how many creatures go to extremes to rise above the rest in the fight for survival. Find out which animals are prepared to fight tooth and claw when it comes to the crunch, with weapons ranging from lethal toxins to electro-senses in Deadly Nature. Finally, Amazing Nature takes a look at the breathtaking drama of nature's spectacular events, such as elephant processions. aJuvenile vAnimals Juvenile works vAnimals Juvenile works aJohn Farndon eAuthor